01527cam a2200337 a 4500003000500000005001700005008004100022010001000063011001000073035001000083040000900093100003900102245021000141260004100351300002200392500010900414590004100523590004100564590004100605590004200646650004000688650002700728901000700755905002300762942000900785949006200794949004900856999001700905952014000922952012701062CHAP20220817043801.0010725d2001 mx 00 spa d a84327 a85299 a95832 cCHAP00aGómez Calderón, Sergio.94963300aAnálisis de la información nematológica de las tesis existentes en el Departamento de Parasitología Agrícola de la Universidad Autónoma Chapingo, de 1980 a 2000.c/por Sergio Gómez Calderón aChapingo, Méx. :bEl autor,c2001. a65 h. :bgráfs. aTesis (Ing. Agr. Esp. en Parasitología Agrícola) -- UACH. Departamento de Parasitología Agrícola aBATCH-UPDb10c20130110lUCH01h1158 aBATCH-UPDb10c20130410lUCH01h0740 aBATCH-UPDb10c20130914lUCH01h1838 aCONVERSIONb10c20130109lUCH01h134714aNemátodos parásitos de plantas.14aTesisxBibliografía. aBK aLilia Sánchez G. cFOLL aTesisbBCcTESd33724000839379eTS2fc.2h38287i95832sb aTesisbBCcTESd958321eTS1h38286i95832sb c84327d84327 00102local4053708TESISaBCbBCcPA_TESISd2019-12-31fTESISl0oTesisp33724000839379r2019-12-31 00:00:00tc.2w2019-12-31yTESIS 00102local4051708TESISaBCbBCcPA_TESISd2019-12-31fTESISl0oTesisp958321r2019-12-31 00:00:00w2019-12-31yTESIS